| 000 | 00831cam a22002653a 4500 | ||
|---|---|---|---|
| 001 | 3259 | ||
| 003 | PGUSA | ||
| 005 | 20140828083029.0 | ||
| 008 | 020601s2002||||xxu|||||s|||||000 1 eng d | ||
| 040 |
_aPGUSA _beng |
||
| 042 | _adc | ||
| 050 | 4 | _aPZ | |
| 100 | 1 |
_aYonge, Charlotte M. _q(Charlotte Mary), _d1823-1901 |
|
| 245 | 1 | 0 |
_aCountess Kate _h[electronic resource] / _cCharlotte M. Yonge |
| 260 |
_bProject Gutenberg, _c2002 |
||
| 506 | _aPublic domain in the USA. | ||
| 516 | _aElectronic text | ||
| 653 | _aLondon (England) -- Juvenile fiction | ||
| 653 | _aOrphans -- Juvenile fiction | ||
| 653 | _aInheritance and succession -- Juvenile fiction | ||
| 653 | _aChildren -- Conduct of life -- Juvenile fiction | ||
| 830 | 0 |
_aProject Gutenberg _v3259 |
|
| 856 | 4 | 0 | _uhttp://www.gutenberg.org/ebooks/3259 |
| 942 | _cEB | ||
| 999 |
_c232588 _d232588 |
||